000 00382nam a2200145Ia 4500
005 20250707031801.0
008 240331s9999 xx 000 0 und d
082 _a302.234
_bSIV
100 _aSivakumar,
245 0 _aUdalie thiraiyaha :
_bthakaval thodarpu udaakanal
260 _aBanglore
_bLuxmi Sundaram
_c1995
300 _a148 p.,
500 _aEssays on mass media
942 _cL
999 _c1273
_d1273